[Event "GEO-chT Club"]
[Site "Lagodekhi"]
[Date "2016.09.24"]
[Round "3.4"]
[White "Beradze, Irakli"]
[Black "Karelidze, Vakhtang"]
[Result "1-0"]
[WhiteElo "2437"]
[BlackElo "1942"]
[PlyCount "65"]
[EventDate "2016.09.22"]
[EventType "team-tourn"]
[EventRounds "7"]
[EventCountry "GEO"]
[SourceTitle "CBM 174 Extra"]
[Source "ChessBase"]
[SourceDate "2016.10.10"]
[SourceVersion "1"]
[SourceVersionDate "2016.10.10"]
[SourceQuality "1"]
[WhiteTeam "Kakheti"]
[BlackTeam "Gori Shida Kartli"]
[WhiteTeamCountry "GEO"]
[BlackTeamCountry "GEO"]

1. Nf3 Nf6 2. c4 e6 3. Nc3 d5 4. d4 Be7 5. Bg5 Nbd7 6. e3 0-0 7. Rc1 h6 8. Bh4 c6 9. Bd3 dxc4 10. Bxc4 Nd5 11. Bg3 N7f6 12. Bd3 Nh5 13. Be5 Bd6 14. 0-0 Nhf6 15. Bxd6 Qxd6 16. e4 Nxc3 17. bxc3 Nd7 18. e5 Qe7 19. Re1 b6 20. Qe2 Rd8 21. Nd2 f5 22. exf6 Nxf6 23. Qf3 Bb7 24. Bf5 c5 25. Qh3 cxd4 26. Bxe6+ Kh8 27. Nc4 Ne4 28. Ne5 Qf6 29. Nf7+ Kh7 30. Qf5+ g6 31. Qxf6 Nxf6 32. Nxd8 Rxd8 33. cxd4 1-0

[Event "EU-ch U14 24th"]
[Site "Batumi"]
[Date "2014.10.22"]
[Round "4"]
[White "Karelidze, Vakhtang"]
[Black "Asenov, Pavel"]
[Result "1-0"]
[WhiteElo "1725"]
[BlackElo "1977"]
[PlyCount "84"]
[EventDate "2014.10.19"]
[EventType "swiss"]
[EventRounds "9"]
[EventCountry "GEO"]
[SourceTitle "EXT 2015"]
[Source "ChessBase"]
[SourceDate "2014.11.20"]
[SourceVersion "1"]
[SourceVersionDate "2014.11.20"]
[SourceQuality "1"]

1. Nf3 Nf6 2. g3 g6 3. Bg2 Bg7 4. 0-0 0-0 5. c4 d6 6. d4 Nc6 7. Nc3 a6 8. e4 Bg4 9. Be3 Nd7 10. Qd2 Bxf3 11. Bxf3 e5 12. d5 Nd4 13. Bg2 c5 14. dxc6 bxc6 15. f4 c5 16. Nd5 Nb6 17. Rac1 Nxd5 18. cxd5 exf4 19. gxf4 Rb8 20. e5 Nf5 21. Bf2 dxe5 22. Bxc5 exf4 23. b4 Qg5 24. Qxf4 Qxf4 25. Rxf4 Bh6 26. Rcf1 Bxf4 27. Rxf4 Rfd8 28. Rxf5 gxf5 29. Kf2 Rd7 30. Ke3 Kg7 31. Kd4 Kf6 32. d6 Ke6 33. Bd5+ Kf6 34. Bc6 Rdd8 35. Kd5 f4 36. d7 Kf5 37. Kd6 Kf6 38. Kc7 Ke6 39. a4 h6 40. b5 axb5 41. axb5 f6 42. b6 h5 1-0